5HLuxD.jpg

KING HENRY VIII SENIOR AND PRIMARY SCHOOL LIBRARY OPAC

Creativity now : (Record no. 613)

000 -LEADER
fixed length control field 01244cam a22003014a 4500
001 - CONTROL NUMBER
control field 17184587
003 - CONTROL NUMBER IDENTIFIER
control field OSt
005 - DATE AND TIME OF LATEST TRANSACTION
control field 20190904112825.0
008 - FIXED-LENGTH DATA ELEMENTS--GENERAL INFORMATION
fixed length control field 120227s2012 enka 001 0 eng
010 ## - LIBRARY OF CONGRESS CONTROL NUMBER
LC control number 2012007190
020 ## - INTERNATIONAL STANDARD BOOK NUMBER
International Standard Book Number 9780273770473 (pbk.)
040 ## - CATALOGING SOURCE
Original cataloging agency DLC
Transcribing agency DLC
Modifying agency DLC
042 ## - AUTHENTICATION CODE
Authentication code pcc
082 00 - DEWEY DECIMAL CLASSIFICATION NUMBER
Classification number 153 WOL
Edition number 23
100 1# - MAIN ENTRY--PERSONAL NAME
Personal name Wolff, Jurgen,
Dates associated with a name 1956-
Relator term author
245 10 - TITLE STATEMENT
Title Creativity now :
Remainder of title get inspired, create ideas, and make them happen! /
Statement of responsibility, etc. Jurgen Wolff.
250 ## - EDITION STATEMENT
Edition statement 2nd ed.
260 ## - PUBLICATION, DISTRIBUTION, ETC.
Place of publication, distribution, etc. Harlow, England ;
-- New York :
Name of publisher, distributor, etc. Pearson,
Date of publication, distribution, etc. c2012.
300 ## - PHYSICAL DESCRIPTION
Extent x, 224 p. :
Other physical details col. ill. ;
Dimensions 22 cm.
500 ## - GENERAL NOTE
General note Includes index.
520 ## - SUMMARY, ETC.
Summary, etc. Divided into four key segments (dreaming, originating, varying and adapting) this book covers each section of the creative process. In every segment 25 suggestions are provided to inspire your creativity, and prompt questions are also included to help readers adapt these ideas to their own situation.
650 #0 - SUBJECT ADDED ENTRY--TOPICAL TERM
Topical term or geographic name entry element Creative thinking.
650 #0 - SUBJECT ADDED ENTRY--TOPICAL TERM
Topical term or geographic name entry element Creative ability.
650 #0 - SUBJECT ADDED ENTRY--TOPICAL TERM
Topical term or geographic name entry element Brainstorming.
906 ## - LOCAL DATA ELEMENT F, LDF (RLIN)
a 7
b cbc
c orignew
d 1
e ecip
f 20
g y-gencatlg
942 ## - ADDED ENTRY ELEMENTS (KOHA)
Source of classification or shelving scheme
Koha item type Books - Non Ficton
Holdings
Withdrawn status Lost status Source of classification or shelving scheme Damaged status Not for loan Collection code Permanent Location Current Location Shelving location Date acquired Full call number Barcode Date last seen Price effective from Koha item type
          Non-Fiction KH8 Senior School Library KH8 Senior School Library Non Fiction 2019-09-04 153 WOL 3KHSL000101318 2019-09-04 2019-09-04 Books - Non Ficton

Powered By KH8 IT Dept